| 000 | 00795cam a2200301 i 4500 | ||
|---|---|---|---|
| 001 | 768714001 | ||
| 003 | CO-MdFUSB | ||
| 005 | 20250708145209.0 | ||
| 007 | ta | ||
| 008 | 250616t1991 -us||||| |||| 00| 0 eng d | ||
| 020 | _a0-310-33830-1 | ||
| 040 | _cCO-MdFUSB | ||
| 041 | 0 | _aeng | |
| 082 | 0 | 4 |
_223 _a248.84 _bC8831n |
| 100 | 1 |
_aCrabb, Larry _eautor |
|
| 245 | 1 | 0 |
_aMen and woman : _benjoying the difference _c/ Larry Crabb |
| 264 | 1 |
_bZondervan, _aGrand Rapids, MI., USA : _c[1991] |
|
| 264 | 4 | _c©1991 | |
| 300 | _a221 páginas | ||
| 336 |
_atexto _btxt _2rdacontent |
||
| 337 |
_2rdamedia _asin mediación _bn |
||
| 338 |
_2rdacarrier _avolumen _bnc |
||
| 563 | _aRustico | ||
| 650 | 0 |
_aVida cristiana _919 |
|
| 942 | _cBK | ||
| 945 | _aMiguel Gómez | ||
| 999 |
_c36029 _d36029 |
||